| 000 | 00506cam a2200205ua 4500 | ||
|---|---|---|---|
| 020 | _c10.60 | ||
| 041 |
_aeng _h |
||
| 082 |
_a823.308 _bHUG/NO |
||
| 100 | _aHugo, Victor . | ||
| 245 |
_aNotre-Dame de Paris / _cVictor Hugo. _hTextual Documents |
||
| 260 |
_aLondon : _bDent , _c1964. |
||
| 300 | _a470 ; . | ||
| 365 | _a10.60 | ||
| 440 | 0 |
_aEveryman`s Library, _v422 _x; |
|
| 490 | 0 |
_aEveryman`s Library, _v422 _x; |
|
| 504 | _a | ||
| 942 | _cBK | ||
| 999 |
_c987 _d987 |
||